| 000 | 00519nam a22001817a 4500 | ||
|---|---|---|---|
| 005 | 20250415131118.0 | ||
| 008 | 250414b |||||||| |||| 00| 0 eng d | ||
| 020 | _a978-0-7487-4037-6 | ||
| 041 | _aeng | ||
| 082 | _a616.12HOU-P | ||
| 100 |
_aHOUGH, ALEXANDRA _98629 |
||
| 245 | _aPHYSIOTHERAPY IN RESPIRATORY CARE : AN EVIDENCE BASED APPROACH TO RESPIRATORY AND CARDIAC MANAGEMENT | ||
| 250 | _a3RD ED., 2001 | ||
| 260 |
_bNELSON THORNES _c2001 |
||
| 300 | _a550;P | ||
| 650 |
_aPHYSIOTHERAPY _98180 |
||
| 942 | _cBK | ||
| 999 |
_c8765 _d8763 |
||